000 00530nam a2200181Ia 4500
999 _c16499
_d16499
003 OSt
005 20200606115927.0
008 190216s9999||||xx |||||||||||||| ||und||
020 _a9788190401470
040 _cMESKC library
082 _a301
_bVIS/M
100 _aViswakarme, Kankalatha
_9402
245 0 _aManav Jeevan Aur Paryavarana /
_cKankalatha Viswakarme
260 _bUniversal Publishing,
_c2006.
_aNew Delhi:
300 _a116p
650 _aHindi
942 _cBK
_2ddc
_h301
_iVIS/M
_k301
_mVIS/M